| 000 | 00859nam a22002297a 4500 | ||
|---|---|---|---|
| 999 |
_c8568 _d8568 |
||
| 003 | AR-CdUCM | ||
| 008 | 190325b ||||| |||| 00| 0 spa d | ||
| 040 |
_aMUNICIPALIDAD PROVINCIAL DEL CUSCO _cBIBLIOTECA MUNICIPAL DEL CUSCO |
||
| 082 |
_a309.185 / _bA34 |
||
| 100 |
_aAlberti, Giorgio _923997 |
||
| 245 |
_aEstado y clase : _bla comunidad industrial en el Perú / |
||
| 260 |
_aLima : _bInstituto de Estudios Peruanos, _c1977. |
||
| 300 |
_a348 páginas ; _c19 cm. |
||
| 440 |
_aPerú problema _n16 _923998 |
||
| 505 | _aEstado, clase empresarial y comunidad industrial - El estado y los comuneros industriales - Los empresarios y la comunidad industrial. | ||
| 650 |
_aComunidades industriales _97136 |
||
| 650 |
_aClase sociales _923999 |
||
| 700 |
_aSantistevan, Jorge, _99007 |
||
| 700 |
_aPásara, Luis _99003 |
||
| 942 |
_2ddc _cLIBROS |
||
| 945 | _aacv | ||